Представление документа в формате RUSMARC

ПолеНазваниеЗначение
  Тип записи a
  Библиографический уровень m
001 Контрольный номер 2e3d47ba0fe94c938d47e1dad1c18f0b
005 Дата корректировки 20150303100441.2
010 Индекс ISBN __
a ISBN 978-5-406-02789-9
101 Язык документа 0_
a Язык текста rus
102 Страна публикации __
a Страна публикации RU
200 Заглавие и сведения об ответственности 1_
a Заглавие Финансовый анализ
e Сведения, относящиеся к заглавию учеб. пособие
f Первые сведения об ответственности Э.А. Маркарьян , Г.П. Герасименко, С.Э. Маркарьян
205 Сведения об издании __
a Основные сведения об издании 9-е изд., перераб.
210 Выходные данные 1_
c Издательство КноРус
a Место издания Москва
d Дата издания 2014
215 Физическое описание __
a Объем 190, [1] с.
225 Серия 2_
a Серия Бакалавриат
610 Ключевые слова 0_
a Ключевые слова финансовый анализ
610 Ключевые слова 0_
a Ключевые слова инвестиционный анализ
610 Ключевые слова 0_
a Ключевые слова финансовое состояние
610 Ключевые слова 0_
a Ключевые слова деловая активность
610 Ключевые слова 0_
a Ключевые слова анализ финансовых результатов
686 Индексы других классификаций __
a Классификационный индекс 65.053.9(2)я73
2 Код системы rubbk
700 Автор _1
a Фамилия Маркарьян
b Имя Э. А.
g Полное личное имя Эдуард Арамович
701 Альтернативная интеллектуальная ответственность _1
a Фамилия Герасименко
b Имя Г. П.
g Полное личное имя Галина Петровна
e Роль лиц Автор
4 Код отношения 070
701 Альтернативная интеллектуальная ответственность _1
a Фамилия Маркарьян
b Имя С. Э.
g Полное личное имя Сергей Эдуардович
e Роль лиц Автор
4 Код отношения 070
801 Источник записи _0
a Страна RU
b Организация РУК
c Дата составления 20150303
g Правила каталогизации PSBO
801 Источник записи _1
a Страна RU
b Организация РУК
c Дата составления 20150303
g Правила каталогизации PSBO
852 Данные о местонахождении __
i Авторский знак М 27
j Шифр хранения ББК 65.053
901 Тип документа __
t Тип документа m
937 Технологическая информация __
a Создатель записи (имя) Золотухина
938 Служебная информация __
a Название организации Головной вуз
952 Тип литературы __
b Гриф литературы для ВШ гриф УМО
c Вид литературы учебное пособие